Foglie d'erba /
Zapisane w:
| 1. autor: | |
|---|---|
| Kolejni autorzy: | , |
| Format: | Książka |
| Język: | włoski angielski |
| Wydane: |
Roma :
Newton Compton,
2014
|
| Wydanie: | Edizione integrale del 1856 con testo inglese a fronte |
| Seria: | I MiniMammut ;
24 |
| Etykiety: |
Nie ma etykietki, Dołącz pierwszą etykiete!
|
MARC
| LEADER | 00000nam a22000007i 4500 | ||
|---|---|---|---|
| 001 | IT\ICCU\PAR\1226899 | ||
| 003 | ItRI | ||
| 005 | 20250916193718.0 | ||
| 008 | 141023s2014 it |||||| ||||| |||||c | ||
| 020 | |a 9788854168107 | ||
| 040 | |b ita |c Arcigay Viterbo | ||
| 041 | 7 | |a ita |a eng |2 ISO-639-2 | |
| 082 | |a 811.3 |2 21 | ||
| 100 | 1 | |a Whitman, Walt |0 IT\ICCU\CFIV\088698 |4 aut | |
| 240 | 1 | 0 | |a Leaves of grass |9 Whitman, Walt |
| 245 | 1 | 0 | |a Foglie d'erba / |c Walt Whitman ; cura e traduzione di Igina Tattoni ; con un saggio di Lewis Fried. |
| 250 | |a Edizione integrale del 1856 con testo inglese a fronte | ||
| 260 | |a Roma : |b Newton Compton, |c 2014 | ||
| 300 | |a 413 p. ; |c 21 cm | ||
| 500 | |a Disponibile in e-book | ||
| 700 | 1 | |a Tattoni, Igina |0 IT\ICCU\CFIV\079948 |4 trl | |
| 700 | 1 | |a Fried, Lewis |0 IT\ICCU\TO0V\151097 |4 aui | |
| 830 | 2 | |a I MiniMammut ; |v 24 |0 IT\ICCU\RML\0367753 | |
| 942 | |2 ddc |c BK |n 0 | ||
| 952 | |0 0 |1 0 |2 ddc |4 0 |6 811_540000000000000_WHI_FOG |7 0 |9 9601 |a VT |b VT |d 2025-09-16 |e Acquisto Arcigay Viterbo (fondi Banca Lazio Nord) |i B221 |l 0 |o 811.54 WHI FOG |p B221 |r 2025-09-16 19:40:13 |w 2025-09-16 |x Acquistato su: bibliotecadibabele.com |y BK | ||
| 981 | 1 | |6 z01 |a i |b xxxe | |
| 982 | 1 | |6 z01 |a n | |
| 999 | |c 8010 |d 8010 | ||